Loading...
| Fine Arts - Painting & Sculpture | 0 | 9 | 1 | 3 | 85 | 99 | 125.22 | 0 | 0 | 0.00 | 0.00 |
| Philosophy | 0 | 8 | 2 | 0 | 70 | 69 | 116.75 | 0 | 1 | 0.00 | 0.00 |
| Literature - American | 0 | 6 | 1 | 1 | 55 | 99 | 122.00 | 0 | 0 | 0.00 | 0.00 |
| Social Science | 0 | 5 | 0 | 1 | 50 | 85 | 112.40 | 0 | 1 | 0.00 | 0.00 |
| Fine Arts - Other | 0 | 4 | 0 | 0 | 40 | 81 | 106.25 | 0 | 2 | 0.00 | 0.00 |
| History - American | 0 | 4 | 1 | 0 | 35 | 87 | 108.75 | 0 | 0 | 0.00 | 0.00 |
| Geography | 0 | 3 | 0 | 1 | 30 | 52 | 106.33 | 0 | 0 | 0.00 | 0.00 |
| Literature - European | 0 | 3 | 0 | 2 | 30 | 141 | 150.67 | 0 | 0 | 0.00 | 0.00 |
| Science - Other | 0 | 3 | 0 | 0 | 30 | 78 | 95.33 | 0 | 1 | 0.00 | 0.00 |
| Literature - British | 0 | 3 | 1 | 1 | 25 | 101 | 136.67 | 0 | 0 | 0.00 | 0.00 |
| History - World | 0 | 3 | 1 | 2 | 25 | 123 | 130.00 | 0 | 0 | 0.00 | 0.00 |
| Fine Arts - Classical Music | 0 | 2 | 0 | 0 | 20 | 135 | 137.50 | 0 | 0 | 0.00 | 0.00 |
| Other Academic | 0 | 2 | 1 | 1 | 15 | 98 | 118.00 | 0 | 0 | 0.00 | 0.00 |
| Religion | 0 | 2 | 1 | 1 | 15 | 72 | 111.50 | 0 | 0 | 0.00 | 0.00 |
| Literature - World | 0 | 1 | 0 | 0 | 10 | 123 | 123.00 | 0 | 0 | 0.00 | 0.00 |
| History - Other | 0 | 1 | 0 | 0 | 10 | 125 | 125.00 | 0 | 0 | 0.00 | 0.00 |
| Mythology | 0 | 1 | 0 | 0 | 10 | 132 | 132.00 | 0 | 0 | 0.00 | 0.00 |
| Current Events | 0 | 1 | 1 | 0 | 5 | 62 | 62.00 | 0 | 0 | 0.00 | 0.00 |
| History - European | 0 | 1 | 2 | 0 | 0 | 133 | 133.00 | 0 | 0 | 0.00 | 0.00 |